Historia del pensamiento político griego : teoría y praxis /

Este análisis histórico de la política griega de la antigüedad tiene como finalidad ofrecer, de manera panorámica, el pensamiento de los grandes dramaturgos, comediógrafos, historiadores y filósofos que fueron protagonistas y testigos de la experiencia política más notoria de esta etapa, la polis, a...

Popoln opis

Shranjeno v:
Bibliografske podrobnosti
Glavni avtor: Barceló, Pedro (autor)
Drugi avtorji: Hernández de la Fuente, David (autor) (autor), Roldán Hervás, José Manuel (prólogo) (prólogo)
Format: Knjiga
Jezik:španščina
Izdano: Madrid, España : Trotta, 2014, c2014
Teme:
Oznake: Označite
Brez oznak, prvi označite!

MARC

LEADER 00000nam^a2200000^a^4500
001 000396968
005 20250521000000.0
009 20260310121445.321
020 |a 978-84-9879-540-0 
037 |a Acervo Xavier Clavigero 
041 |a ESP 
082 |a 949. 501  |b BAR 
100 |a Barceló, Pedro  |e (autor) 
245 1 0 |a Historia del pensamiento político griego :  |b teoría y praxis /  |c P. Barceló, D. Hernández de la Fuente ; pról. de J.M. Roldán Hervás. 
264 4 |a Madrid, España :  |b Trotta,  |c 2014, c2014 
300 |a 367 p. 
336 |a texto  |b txt  |2 rdacontenido 
337 |a sin mediación  |b n  |2 rdamedio 
338 |a volumen  |b nc  |2 rdasoporte 
520 |a Este análisis histórico de la política griega de la antigüedad tiene como finalidad ofrecer, de manera panorámica, el pensamiento de los grandes dramaturgos, comediógrafos, historiadores y filósofos que fueron protagonistas y testigos de la experiencia política más notoria de esta etapa, la polis, así como su decadencia y transición al helenismo: una transformación que los llevó de la experiencia de comunidad o ciudad a la república bajo la influencia romana. Se justifica la importancia de este análisis toda vez que el mundo occidental, que está viviendo una etapa crítica, es deudor del pensamiento y de la experiencia de los griegos, así que es útil hacer una reflexión a partir de aquella experiencia. 
521 |a Peticiones 2017 
649 |a XX 
650 |a Escritores Griegos -  |x Historia 
650 |a Política -  |z Grecia -  |x Historia -  |x Tema Principal 
650 |a Filosofía Griega -  |x Historia y Crítica 
650 |a Grecia -  |x Historia Antigua -  |x Tema Principal 
700 |a Hernández de la Fuente, David  |e (autor) 
700 |a Roldán Hervás, José Manuel  |e (prólogo) 
910 |a Fondo General 
920 |a Impresos - Libros 
930 |a Colección General 
905 |a 101 
901 |a 0500292286  |b IT1  |c ACC  |i FXC C1598  |u 20250521 
902 |a https://opac.biblio.iteso.mx/vufind/Record/000396968